ბათუმის შოთა რუსთაველის სახელმწიფო უნივერსიტეტის ბიბლიოთეკა

The Washington manual of outpatient internal medicine / (ბიბ.ჩანაწერი № 57448)

000 -LEADER
fixed length control field 00875cam a2200217 i 4500
001 - CONTROL NUMBER
control field 18409806
005 - DATE AND TIME OF LATEST TRANSACTION
control field 20220929153402.0
008 - FIXED-LENGTH DATA ELEMENTS--GENERAL INFORMATION
fixed length control field 141217s2016 paua bf 001 0 eng
020 ## - INTERNATIONAL STANDARD BOOK NUMBER
International Standard Book Number 9781451143270
041 ## - LANGUAGE CODE
Language code of text/sound track or separate title eng
080 ## - UNIVERSAL DECIMAL CLASSIFICATION NUMBER
Universal Decimal Classification number 61+616 T-44
245 04 - TITLE STATEMENT
Title The Washington manual of outpatient internal medicine /
Statement of responsibility, etc. executive editor, Thomas M. De Fer; editor, Heather Sateia,
250 ## - EDITION STATEMENT
Edition statement Second edition.
264 #1 - PRODUCTION, PUBLICATION, DISTRIBUTION, MANUFACTURE, AND COPYRIGHT NOTICE
Place of production, publication, distribution, manufacture Philadelphia :
Name of producer, publisher, distributor, manufacturer Wolters Kluwer,
Date of production, publication, distribution, manufacture, or copyright notice 2015.
300 ## - PHYSICAL DESCRIPTION
Extent 1014 pages :
Other physical details illustrations (some color);
Dimensions 22 cm.
653 ## - INDEX TERM--UNCONTROLLED
keyword ამბულატორიული მედიცინის სახელმძღვანელო
653 ## - INDEX TERM--UNCONTROLLED
keyword амбулаторная медицина
700 1# - ADDED ENTRY--PERSONAL NAME
Personal name De Fer, Thomas M.,
Relator term რედაქტორი
9 (RLIN) 8672
700 1# - ADDED ENTRY--PERSONAL NAME
Personal name Sateia, Heather F.,
Relator term რედაქტორი
9 (RLIN) 8673
942 ## - ADDED ENTRY ELEMENTS (KOHA)
Source of classification or shelving scheme
Koha item type წიგნი
ეგზემპლარები
Withdrawn status Lost status Source of classification or shelving scheme Damaged status Not for loan Permanent Location Current Location Shelving location Date acquired Cost, normal purchase price Full call number Barcode Date last seen Copy number Price effective from Koha item type Public note
          ბათუმის შოთა რუსთაველის სახელმწიფო უნივერსიტეტის მთავარი ბიბლიოთეკა ბათუმის შოთა რუსთაველის სახელმწიფო უნივერსიტეტის მთავარი ბიბლიოთეკა წიგნსაცავი 2020-06-22 141.00 61+616 T-44 60644 2020-06-22 60644 2020-06-22 წიგნი 141 ლ.